000 00587nam a22002177a 4500
003 OSt
005 20140310182905.0
008 130128t xxu||||| |||| 00| 0 eng d
020 _a9789715066136
050 _aPL6063
_b.Al445 2011
082 _aFIL 820
_b.Al445 2011
245 _aJacintina
_bhiyas ng panulat ni Emilio Jacinto
_cAlmario, Virgilio S.
260 _aManila :
_bUST Pub. House,
_c2011.
300 _a86 p. ;
_c23 cm.
521 _acollege students
526 _c1210L-1700L
541 _j1
541 _j2
562 _e2
942 _2lcc
_cBK
_kFIL
999 _c17144
_d17144